| 000 | 01340nam0a22002531 4500 | ||
|---|---|---|---|
| 001 | v19\rc\1959414 | ||
| 005 | 20260407094351.0 | ||
| 035 | _a(NLR Aleph) 005043334 | ||
| 090 |
_a6817134 _c6817134 |
||
| 100 | _a20080428d1913 |||y0rusy50 ca | ||
| 101 | 0 | _arus | |
| 102 | _aRU | ||
| 105 | _aa z ||||| | ||
| 200 | 1 |
_aОбъяснения к экспонатам Лаборатории на Всероссийской выставке в г. Киеве. Май-окт. 1913 г. _fГл. упр. землеустройства и земледелия. Деп. земледелия. С.-х.-бактериол. лаб. Отделение по борьбе с вредными грызунами бактериол. способом под ближайшим руководством пом. зав. Лабораторией С.С. Мережковского |
|
| 205 | _a2-е изд., испр. | ||
| 210 |
_aСанкт-Петербург _d1913 |
||
| 215 |
_a60 с. _cил. _d23 |
||
| 710 | 0 | 2 |
_aСельскохозяйственно-бактериологическая лаборатория _cПетербург |
| 712 | 1 | 2 |
_aВсероссийская выставка _f1913 _eКиев _3RU\NLR\AUTH\889918699 _9333529 |
| 801 | 0 |
_aRU _bNLR _gpsbo |
|
| 801 | 1 |
_aRU _bProSoft-M _2rusmarc |
|
| 852 |
_aNLR _j37.60.6.525 |
||
| 942 | _cBOOK | ||
| 980 | _aNB | ||